000
00288nam a2200109Ia 4500
008
190216s9999||||xx |||||||||||||| ||und||
100
_a
Rama R S
245
0
_a
Concession And Priorities Admissible To Ex Defence Service Personel
260
_b
Cjr Tes
650
_a
References
942
_c
REF
999
_c
35831
_d
35831